Science Quiz

Random Science or Clickable Quiz

Pick the Planets of the Solar System Quiz Stats

 Plays Quiz Updated Jan 7, 2016

Challenge
Share
Tweet
Score 0/9 Timer 00:30
3 Plays Today
% Correct
Sun
92.6%
Earth
92.6%
Saturn
90.9%
Mars
88.7%
Jupiter
87.9%
Mercury
86.8%
Venus
85.1%
Uranus
82.4%
Neptune
78.2%

You're not logged in!

Compare scores with friends on all Sporcle quizzes.
OR
Log In

You Might Also Like...

Show Comments

Extras

Top Quizzes Today


Score Distribution

Your Account Isn't Verified!

In order to create a playlist on Sporcle, you need to verify the email address you used during registration. Go to your Sporcle Settings to finish the process.

Report this User

Report this user for behavior that violates our Community Guidelines.

Details: